| 000 | 00770nam a22002297a 4500 | ||
|---|---|---|---|
| 999 |
_c15378 _d15378 |
||
| 003 | AR-CdUCM | ||
| 008 | 190426b ||||| |||| 00| 0 spa d | ||
| 020 | _a978-607-16-33378 | ||
| 040 |
_aMUNICIPALIDAD PROVINCIAL DEL CUSCO _cBIBLIOTECA MUNICIPAL DEL CUSCO |
||
| 082 |
_aPI / 808.06 / _bV28 |
||
| 100 |
_aVan Hout, Mies _934429 |
||
| 245 | _aFeliz / | ||
| 260 |
_aMéxico D.F. : _bFondo de cultura económica, _c2015. |
||
| 300 |
_a48 paginas ; _bIlustraciones, _c27 cm. |
||
| 440 |
_aColección los especiales a la orilla del viento _934338 |
||
| 500 | _aTitulo original :Vrolijk | ||
| 650 |
_aLiteratura infantil _9588 |
||
| 650 |
_aLos días felices _934430 |
||
| 650 |
_aTexto de estados de animo _934431 |
||
| 942 |
_2ddc _cLIBROS |
||
| 945 |
_awnts _d2019-04-26 |
||